Publication.

Bibliographic Details
Corporate Author: Gordon Institute of Technology, Geelong, Australia
Format: Serial
Language:English
Published: Geelong, Victoria, Australia. [publisher not identified] ;
Subjects:

MARC

Tag First Indicator Second Indicator Subfields
LEADER 00000cas a2200000 4500
001 in00000037961
005 20151007080735.0
008 800424c19419999at uu 0uuua0eng d
035 |a (OCoLC)06239975 
035 |9 AAF5299AM 
040 |c TXA  |d UtOrBLW 
049 |a TXAE 
090 |a TS1600  |b .G6 
110 2 |a Gordon Institute of Technology, Geelong, Australia. 
245 1 0 |a Publication. 
264 1 |a Geelong, Victoria, Australia.  |b [publisher not identified] ; 
300 |a  numbers :  |b illustrations 
336 |a text  |b txt  |2 rdacontent 
337 |a unmediated  |b n  |2 rdamedia 
338 |a volume  |b nc  |2 rdacarrier 
362 0 |a no. 1- [April 1941]- 
500 |a On cover: 1941-44, Scientific Investigation Department; 1945- Textile Research and Testing Department. 
650 0 |a Woolen and worsted manufacture  |z Australia. 
650 0 |a Textile research  |z Australia. 
999 |a MARS 
999 f f |s fdf3808a-44c6-3d38-9779-38ffa1d07cbf  |i c0cff4c4-70a6-36a2-8123-0d4673db09c9  |t 0 
952 f f |p ric  |a Texas A&M University  |b Rellis Campus  |c Joint Library Facility  |d Remote Storage  |t 0  |e TS1600 .G6  |h Library of Congress classification  |i unmediated -- volume  |k no.1-10  |l 1943-1946  |m A14834224968 
998 f f |a TS1600 .G6  |s no.1 (1943)-no.10 (1946)  |t 0  |l Remote Storage